00517nam a22001697a 4500010001500000020002600015035001400041037001300055082001100068100001800079245009200097260004800189270005400237300002300291500001900314700001400333 aENG-120655 c650.00a9788171641611 aEN-104187 bDBAD/PUB a631.37 aDevnani, R.S. aTheory and appliation of crop threshing technologies /cby R.S. Devnani [and] T.P. Ojha aNew DelhibIndian Council of Researchc2016 aKrishi Anusandhan Bhavan I, Pusa, bDelhie110012 a284p. b25cm(pbk). aIncludes index aOjha T.P.